|
|
|
|
| LEADER |
01280nam a2200301 a 4500 |
| 001 |
710351 |
| 008 |
110824s1997 vauab b 000 0 eng |
| 010 |
|
|
|a 97038128
|
| 020 |
|
|
|a 1579060048
|
| 040 |
|
|
|a DLC
|c DLC
|d DLC
|d BD-DhAAL
|
| 043 |
|
|
|a e-bn---
|a n-us---
|a e-yu---
|
| 082 |
0 |
0 |
|a 949.703
|2 21
|
| 245 |
0 |
0 |
|a Lessons from Bosnia :
|b the IFOR experience /
|c contributing editor Larry K. Wentz.
|
| 260 |
|
|
|a Vienna, VA :
|b CCRP,
|c 1997.
|
| 300 |
|
|
|a xxiv, 505 p. :
|b ill., maps ;
|c 23 cm.
|
| 500 |
|
|
|a "National Defense University, Institute for National Strategic Studies"--Cover.
|
| 504 |
|
|
|a Includes bibliographical references.
|
| 541 |
|
|
|e 00012213
|
| 650 |
|
0 |
|a Yugoslav War, 1991-1995
|x Participation, American.
|
| 650 |
|
0 |
|a Yugoslav War, 1991-1995
|z Bosnia and Hercegovina.
|
| 650 |
|
0 |
|a National security
|z Bosnia and Hercegovina.
|
| 610 |
2 |
0 |
|a IFOR (Organization)
|x History.
|
| 651 |
|
0 |
|a United States
|x History, Military.
|
| 651 |
|
0 |
|a Bosnia and Hercegovina
|x History, Military.
|
| 700 |
1 |
|
|a Wentz, Larry K.
|
| 852 |
1 |
|
|a Ayesha Abed Library
|c General Shelf.
|
| 999 |
|
|
|c 11228
|d 11228
|
| 952 |
|
|
|0 0
|1 0
|2 ddc
|4 0
|6 949_703000000000000_LES
|7 0
|9 17947
|a BRACUL
|b BRACUL
|c GEN
|d 2011-09-06
|l 0
|o 949.703 LES
|p 3010012213
|r 2011-09-06
|t 1
|w 2011-09-06
|y BK
|x Price not available in Register
|